Countries With An P And R - Statistics

General Stats
  • This quiz has been taken 61 times
  • The average score is 9 of 12
Answer Stats
Answer % Correct
Paraguay
94%
Peru
94%
Portugal
92%
D.R. Congo
88%
Republic of the Congo
85%
Dominican Republic
81%
Central African Republic
73%
Czech Republic
67%
Cape Verde
62%
Singapore
60%
Sao Tome and Principe
54%
Cyprus
42%
No matching quizzes found
Score Distribution
Percent of People with Each Score
Percentile by Number Answered
Your Score History
You have not taken this quiz